Lisa - Rapunzel (with Megan Thee Stallion) (Lyrics) - Statistics

General Stats
  • This quiz has been taken 13 times
  • The average score is 298 of 386
Answer Stats
Lyrics % Correct
a
100%
do
100%
down,
100%
down
100%
Feel
100%
feeling
100%
feeling,
100%
Hair
100%
hair
100%
I
100%
like
100%
Lisa
100%
love
100%
me,
100%
me
100%
me?
100%
money
100%
Rapunzel
100%
rapunzel
100%
rapunzel,
100%
the
100%
them
100%
You
100%
you
100%
Bitch,
92%
bitch
92%
bitch,
92%
go
92%
how
92%
in
92%
In
92%
make
92%
motherfuckin'
92%
say
92%
shit
92%
shit)
92%
tell
92%
that
92%
That's
92%
hear
85%
It's
85%
my
85%
on
85%
on,
85%
Only
85%
only
85%
so
85%
your
85%
and
77%
And
77%
by,
77%
day
77%
day,
77%
doggies
77%
don't
77%
got
77%
Hot
77%
hot
77%
I'm
77%
jungle
77%
Keep
77%
one
77%
queen
77%
queen,
77%
some
77%
spend
77%
walk
77%
we
77%
When
77%
can
69%
damn
69%
damn,
69%
dumb
69%
Girl
69%
girl
69%
muzzle
69%
'til
69%
up
69%
up,
69%
all
62%
big
62%
big,
62%
energy
62%
gotta
62%
her
62%
Himalayan
62%
If
62%
if
62%
inch,
62%
life,
62%
Livin'
62%
sense
62%
sixth
62%
Spendin'
62%
they
62%
to
62%
with
62%
young
62%
ain't
54%
be
54%
bundles
54%
can't
54%
Coach,
54%
fifty
54%
gold
54%
hood
54%
incense
54%
levitate
54%
lie
54%
Need
54%
new
54%
pocket,
54%
pretty
54%
(Real
54%
"send"
54%
shop,
54%
still
54%
titties
54%
want
54%
while
54%
window
54%
bitches
46%
But
46%
click
46%
ever
46%
Flashin'
46%
for
46%
lavish
46%
Level
46%
level
46%
mill'
46%
quarter
46%
show,
46%
somethin'
46%
teeth
46%
time,
46%
too
46%
trouble
46%
ass
38%
baby,
38%
beef,
38%
body
38%
Booty
38%
generous,
38%
hating,
38%
have
38%
Made
38%
meal
38%
meditate
38%
might
38%
outta
38%
taste
38%
tea
38%
this
38%
Two
38%
two
38%
V,
38%
won't
38%
Anyway,
31%
at
31%
'cause
31%
chains
31%
Every
31%
finna
31%
is
31%
late
31%
Louis
31%
maybe
31%
Poppin'
31%
pull
31%
runnin'
31%
sittin'
31%
throat
31%
What
31%
duffle,
23%
gonna
23%
hate
23%
missing
23%
roof
23%
bag,
15%
Hour
15%
Ayy,
8%
or
8%
messgae,
0%
No matching quizzes found
Score Distribution
Percent of People with Each Score
Percentile by Number Answered
Your Score History
You have not taken this quiz